| Поле | Инд. | ПП | Название | Значение |
|---|---|---|---|---|
| Тип записи | a | |||
| Библиографический уровень | m | |||
| 001 | Контрольный номер | f8aed88d-6f1c-4a6d-ba30-9a890f15c4ba | ||
| 005 | Дата корректировки | 20140226230419.8 | ||
| 008 | Кодируемые данные | 010626 d | ||
| 020 | a | ISBN | 5-93517-013-2 | |
| c | Цена, тираж | 60.00 | ||
| 020 | a | ISBN | 0-7821-2519-0 | |
| 040 | a | Служба первич. каталог. | НБ ТвГУ | |
| 041 | a | Код языка текста | rus | |
| 080 | a | Индекс УДК | 681.327.8 | |
| 084 | a | Индекс другой классификации/Индекс ББК | З988 | |
| a | Индекс другой классификации/Индекс ББК | З973.233 | ||
| 090 | x | Авторский знак | Х38 | |
| a | Полочн. индекс | З988 | ||
| 100 | 1_ | a | Автор | Хендерсон Лайза |
| 245 | 10 | a | Заглавие | Frame Relay. Межсетевое взаимодействие |
| b | Продолж. заглавия | [Пер. с англ.] | ||
| c | Ответственность | Лайза Хендерсон, Том Дженкинс; [Ред. пер. С. Э. Зелинский] | ||
| 260 | 0_ | a | Место издания | Москва |
| b | Издательство | Горячая линия-Телеком | ||
| c | Дата издания | 2000 | ||
| 260 | 0_ | b | Издательство | Век+ |
| 260 | 0_ | b | Издательство | Энтроп |
| 300 | a | Объем | 314 с. | |
| 504 | a | Библиография | Предм. указ.: с.310-314. | |
| 583 | a | Действие | Получение впервые 405 01.06.2001 | |
| k | Исполнитель действия | Дар ООО "Книжный мир" | ||
| 650 | a | Основная рубрика | Передача информации | |
| 650 | a | Основная рубрика | Сети передачи данных | |
| 650 | a | Основная рубрика | Компьютеры | |
| 653 | a | Ключевые слова | Передача данных | |
| a | Ключевые слова | Сети передачи данных | ||
| a | Ключевые слова | Технология Frame Relay | ||
| a | Ключевые слова | Frame Relay | ||
| a | Ключевые слова | Межсетевое взаимодействие | ||
| a | Ключевые слова | Сети Frame Relay | ||
| a | Ключевые слова | Компьютеры | ||
| 700 | 1_ | a | Другие авторы | Дженкинс Том |
| e | Роль лиц | авт. | ||
| 700 | 1_ | a | Другие авторы | Зелинский С. Э. |
| e | Роль лиц | ред. пер. | ||
| 852 | t | Порядковый номер экземпляра | 1 | |
| p | Инвентарный номер | 734972 | ||
| 888 | a | Бесплатные | ||
| 952 | p | 405.2001 60.00 1 734972 | ||
| c | Вид литературы | К ру | ||
| 954 | a | Дата поступления на обработку | 20010626 | |
| 999 | a | Подразделение 2 | Фил3 |